It looks like you're offline.
Open Library logo
additional options menu

MARC record from Internet Archive

LEADER: 00539cam a22001818a 4500
001 78a66aae6a60493b8d9bacc5e4f2dedc
003 UK-BiTAL
005 20050705122758.0
008 950123s1994 enka 000 ||eng|d
015 $aGB94X8187$2bnb
020 $a0340617543 :
035 $a()0340617543
040 $aUkLJWS$cUkLJWS$dNB$dUK-BiTAL$dUK-BiTAL
082 04 $a781.660922$220
245 00 $aMid-life confidential /$cStephen King ...[et al].
260 $aLondon :$bHodder,$c1994.
300 $axiii,222p. :$bill. ;$c25 cm.
700 1 $aKing, Stephen,$d1947-